书目信息 |
| 题名: |
持续的挑战
|
|
| 作者: | 李建民 原新 王金营 | |
| 分册: | 21世纪中国人口形势、问题与对策 | |
| 出版信息: | 北京 科学出版社 2000 |
|
| 页数: | 224页 | |
| 开本: | 20cm | |
| 丛书名: | ||
| 单 册: | ||
| 中图分类: | C924.2 | |
| 科图分类: | ||
| 主题词: | 人口调查--世界 , 人口--研究--世界 | |
| 电子资源: | ||
| ISBN: | 7-03-008462-4 | |
| 000 | 00634nam0 2200193 450 | |
| 001 | 0736196517 | |
| 005 | 20070924100316.51 | |
| 010 | @a7-03-008462-4@d¥15.00 | |
| 100 | @a20070924d km y0chiy0120 ea | |
| 101 | 0 | @achi |
| 200 | 1 | @a持续的挑战@Achi xu de tiao zhan@h21世纪中国人口形势、问题与对策@f李建民 原新 王金营@Fli jian min yuan xin wang jin ying |
| 210 | @a北京@c科学出版社@d2000 | |
| 215 | @a224页@c插图@d20cm | |
| 606 | 0 | @a人口调查@x世界 |
| 606 | 0 | @a人口@x研究@x世界 |
| 690 | @aC924.2@v3 | |
| 701 | 0 | @a李建民 原新 王金营@Ali jian min yuan xin wang jin ying |
| 801 | 0 | @aCN@bPFT@c20070924 |
| 905 | @a213230@dC924.2@eZY2@f1 | |
| 持续的挑战.21世纪中国人口形势、问题与对策/李建民 原新 王金营.-北京:科学出版社,2000 |
| 224页:插图;20cm |
| ISBN 7-03-008462-4:¥15.00 |
| ● |
| 相关链接 |
|
|
|
|
正题名:持续的挑战
索取号:C924.2/ZY2
 
预约/预借
| 序号 | 登录号 | 条形码 | 馆藏地/架位号 | 状态 | 备注 |
| 1 | 7900572 | 279005728 | 密集书库-资源管理系/ [索取号:C924.2/ZY2] | 在馆 |